Premiers ministres sous Emmanuel Macron - Statistiques

Statistiques générales
  • Ce quiz a été pris 389 fois
    212 depuis la dernière actualisation
  • Le résultat moyen est 6 sur 7
Statistiques - réponses
Dates de fonction Premiers ministres % Correct
Mai 2022 - Septembre 2024 Élisabeth Borne
93%
Février 2024 - Septembre 2024 Gabriel Attal
92%
Depuis Septembre 2025 Sébastien Lecornu
89%
Mai 2017 - Juillet 2020 Édouard Philippe
87%
Décembre 2024 - Septembre 2025 François Bayrou
87%
Juillet 2020 - Mai 2022 Jean Castex
78%
Septembre 2024 - Décembre 2024 Michel Barnier
78%
Aucun quiz correspondant
Distribution des résultats
% des personnes avec chaque résultat
Percentile par nombre de réponses
Votre historique - résultats
Vous n’avez pas pris ce quiz depuis la dernière actualisation